| 000 | 00694nam a2200181Ia 4500 | ||
|---|---|---|---|
| 008 | 100920s9999 xx 000 0 und d | ||
| 082 |
_b106617 _a891.43 न 05 |
||
| 100 | _aसिह सुनिल विक्रम. | ||
| 245 | _aकाफ्ता हुआ इंद्रधनुष्ंय. | ||
| 260 |
_bसदानीरा प्रकाशन , इलाहाबाद. _c2005 |
||
| 300 |
_a158 _bसाधी |
||
| 365 | _b150 | ||
| 520 | _aहिंदी. | ||
| 630 | _aकाफ्ता हुआ इंद्रधनुष्ंय. | ||
| 650 | _aहिंदी. | ||
| 730 | _aकाफ्ता हुआ इंद्रधनुष्ंय. | ||
| 942 | _cBOOK | ||
| 999 |
_c747042 _d747039 |
||